| 000 | 00564nam a22001817a 4500 | ||
|---|---|---|---|
| 005 | 20241011161512.0 | ||
| 010 | _aENG-142162 | ||
| 020 |
_c1240.00 _a9789390746668 |
||
| 035 | _aEN-125694 | ||
| 037 | _bDBAD/PUB | ||
| 082 | _a363.59 | ||
| 100 |
_aArmah, Kwei _972747 |
||
| 245 |
_aLet My Children Go Ye Leviathans (Governments)/ _cKwei Armah |
||
| 260 |
_aBelgharia _bExceller Books _c2021 |
||
| 270 |
_aG1, Dream Apartment, Degree College Road, Belgharia _bBelgharia _e700056 |
||
| 300 |
_a445 p. _c23cm(pb) |
||
| 942 |
_2ddc _cEN _h363.59 _mARM |
||
| 999 |
_c206336 _d206336 |
||